| 000 | 00457 a2200169 4500 | ||
|---|---|---|---|
| 003 | Nust | ||
| 005 | 20170207165541.0 | ||
| 020 | _a9780470331859 (inb.) | ||
| 040 | _cNust | ||
| 100 | 1 | _aPynes, Joan E. | |
| 245 | 1 | 0 |
_aHuman Resources Management for Public and Nonprofit Organizations: (E-BOOK) _bA Strate |
| 250 | _a3rd Ed | ||
| 260 |
_bJohn Wiley & Sons, _c2009 |
||
| 300 | _a483 p | ||
| 500 | _aUrsprungligen utgiven av John Wiley & Sons | ||
| 651 | _aE-Book | ||
| 942 |
_2ddc _cBK |
||
| 999 |
_c212457 _d212457 |
||